En Çok Motorlu Taşıt Üreten 20 Ülke - Statistics

General Stats
  • This quiz has been taken 34 times
  • The average score is 13 of 20
Answer Stats
Sayı Ülke % Correct
8.82 m Amerika Birleşik Devletleri
100%
3.74 m Almanya
95%
1.30 m Türkiye
95%
25.2 m Çin
86%
2.27 m İspanya
86%
1.44 m Rusya
86%
1.32 m Fransa
82%
8.07 m Japonya
82%
0.99 m Birleşik Krallık
77%
3.51 m Güney Kore
73%
3.39 m Hindistan
73%
0.78 m İtalya
73%
2.01 m Brezilya
64%
1.38 m Kanada
59%
0.88 m İran
45%
3.18 m Meksika
45%
0.69 m Endonezya
41%
1.16 m Çek Cumhuriyeti
36%
1.43 m Tayland
23%
0.99 m Slovakya
5%
No matching quizzes found
Score Distribution
Percent of People with Each Score
Percentile by Number Answered
Your Score History
You have not taken this quiz